000 01798nam0a22003971 4500
001 rc\254882
005 20260407053821.0
021 _aRU
_b91-4312
_9250
021 _aRU
_bРГ-1761
035 _a(NLR Aleph) 005517507
090 _a5472563
_c5472563
100 _a20030307d1990 |||y0rusy50 ca
101 1 _arus
102 _aRU
105 _ay z||||||||
200 1 _aПроблемы социального развития Ташаузской области
_fХ. Бердыев, Г. Аллабердыев
210 _aАшхабад
_cТуркменНИИНТИ
_d1990
215 _a26 с.
_d20
225 1 _aОбзорная информация
_fГосплан ТССР. НИИ НТИ и технико-экономических исследований
300 _aВ выпускных данных 1-й автор: Х. Бердыев, канд. геогр. наук
309 _aНа обл. авторы не указаны
320 _aБиблиогр.: с. 25
607 _aТуркменская ССР
_xИстория
_z20 в.
_91394505
_3RU\NLR\AUTH\66273462
607 _aТуркмения
_xИстория
_z20 в.
_92419920
_3RU\NLR\AUTH\661441205
607 _aТашаузская область (Туркмения)
_91360593
_3RU\NLR\AUTH\66569177
686 1 _aТ3(5Тур)7,02
686 1 _aС59(2Ту)7
700 1 _aБердыев
_bХ.
_gХоджаш
701 1 _aАллабердыев
_bГ.
_gГайлы
712 0 2 _4475
_aНИИ научно-технической информации и технико-экономических исследований
_cАшхабад
_9545761
_3RU\NLR\AUTH\8810023857
801 0 _aRU
_bNLR
_gpsbo
801 1 _aRU
_bELAR
_2rusmarc
852 _aNLR
_j90-4/18474
942 _cBOOK
980 _aNB